| 000 | 00664nam a2200205 a 4500 | ||
|---|---|---|---|
| 005 | 20240426063844.0 | ||
| 008 | 991125s1979 ag 000 0 spa u | ||
| 035 | _aUPN01000034176 | ||
| 049 | _aCG | ||
| 050 | 4 |
_aLB1050.5 _bG6.5 |
|
| 100 | 1 |
_aGómez, Germán Rafael _939726 |
|
| 245 | 1 | 0 |
_aLectoescritura inicial : _bun enfoque piagetiano / _cGermán Rafael Gómez. |
| 260 |
_aBuenos Aires : _bPlus Ultra, _cc1979. |
||
| 300 | _a166 p. | ||
| 440 | 0 |
_aBiblioteca pedagógica ; _v2 |
|
| 650 | 4 |
_aEscritura _xEstudio y enseñanza _96154 |
|
| 650 | 4 |
_aLectura _xEstudio y enseñanza (Elemental) _92805 |
|
| 650 | 4 |
_aNIÑOS DE LENTO APRENDIZAJE _910314 |
|
| 905 | _aLibro | ||
| 999 |
_c34176 _d34176 |
||